<?xml version="1.0" encoding="UTF-8"?>
<record
    xmlns:xsi="http://www.w3.org/2001/XMLSchema-instance"
    xsi:schemaLocation="http://www.loc.gov/MARC21/slim http://www.loc.gov/standards/marcxml/schema/MARC21slim.xsd"
    xmlns="http://www.loc.gov/MARC21/slim">

  <leader>00473nam a22001697a 4500</leader>
  <controlfield tag="003">SGT</controlfield>
  <datafield tag="020" ind1=" " ind2=" ">
    <subfield code="a">9789354660603</subfield>
  </datafield>
  <datafield tag="082" ind1=" " ind2=" ">
    <subfield code="a">616.0707</subfield>
    <subfield code="b">M21J</subfield>
  </datafield>
  <datafield tag="100" ind1=" " ind2=" ">
    <subfield code="a">Jose, Maji</subfield>
  </datafield>
  <datafield tag="245" ind1=" " ind2=" ">
    <subfield code="a">Manual of Oral Histology &amp; Oral Pathology</subfield>
    <subfield code="b">Colour Atlas and Text</subfield>
  </datafield>
  <datafield tag="250" ind1=" " ind2=" ">
    <subfield code="a">3rd</subfield>
  </datafield>
  <datafield tag="260" ind1=" " ind2=" ">
    <subfield code="a">New Delhi, India</subfield>
    <subfield code="b">CBS Publishers &amp; Distributors</subfield>
    <subfield code="c">2021</subfield>
  </datafield>
  <datafield tag="300" ind1=" " ind2=" ">
    <subfield code="a">196</subfield>
  </datafield>
  <datafield tag="650" ind1=" " ind2=" ">
    <subfield code="a">Oral Histology; Oral Pathology</subfield>
  </datafield>
  <datafield tag="653" ind1=" " ind2=" ">
    <subfield code="a">Oral Histology; Oral Pathology</subfield>
  </datafield>
  <datafield tag="942" ind1=" " ind2=" ">
    <subfield code="2">ddc</subfield>
    <subfield code="c">BK</subfield>
    <subfield code="0">522</subfield>
  </datafield>
  <datafield tag="952" ind1=" " ind2=" ">
    <subfield code="0">0</subfield>
    <subfield code="1">0</subfield>
    <subfield code="2">ddc</subfield>
    <subfield code="4">0</subfield>
    <subfield code="7">0</subfield>
    <subfield code="a">FD</subfield>
    <subfield code="b">FD</subfield>
    <subfield code="d">2022-05-11</subfield>
    <subfield code="e">Ahuja Book Co. Pvt. Ltd.</subfield>
    <subfield code="g">625.00</subfield>
    <subfield code="i">SGTU</subfield>
    <subfield code="l">70</subfield>
    <subfield code="o">616.0707 M21J</subfield>
    <subfield code="p">FD8629</subfield>
    <subfield code="q">2026-06-09</subfield>
    <subfield code="r">2026-05-26 15:46:21</subfield>
    <subfield code="s">2026-05-26</subfield>
    <subfield code="w">2022-04-16</subfield>
    <subfield code="y">BK</subfield>
    <subfield code="k">14353</subfield>
  </datafield>
  <datafield tag="952" ind1=" " ind2=" ">
    <subfield code="0">0</subfield>
    <subfield code="1">0</subfield>
    <subfield code="2">ddc</subfield>
    <subfield code="4">0</subfield>
    <subfield code="7">0</subfield>
    <subfield code="a">FD</subfield>
    <subfield code="b">FD</subfield>
    <subfield code="d">2022-05-11</subfield>
    <subfield code="e">Ahuja Book Co. Pvt. Ltd.</subfield>
    <subfield code="g">625.00</subfield>
    <subfield code="i">SGTU</subfield>
    <subfield code="l">69</subfield>
    <subfield code="o">616.0707 M21J</subfield>
    <subfield code="p">FD8630</subfield>
    <subfield code="q">2026-06-09</subfield>
    <subfield code="r">2026-05-26 15:45:13</subfield>
    <subfield code="s">2026-05-26</subfield>
    <subfield code="w">2022-04-16</subfield>
    <subfield code="y">BK</subfield>
    <subfield code="k">14353</subfield>
  </datafield>
  <datafield tag="952" ind1=" " ind2=" ">
    <subfield code="0">0</subfield>
    <subfield code="1">0</subfield>
    <subfield code="2">ddc</subfield>
    <subfield code="4">0</subfield>
    <subfield code="7">0</subfield>
    <subfield code="a">FD</subfield>
    <subfield code="b">FD</subfield>
    <subfield code="d">2022-05-11</subfield>
    <subfield code="e">Ahuja Book Co. Pvt. Ltd.</subfield>
    <subfield code="g">625.00</subfield>
    <subfield code="i">SGTU</subfield>
    <subfield code="l">72</subfield>
    <subfield code="o">616.0707 M21J</subfield>
    <subfield code="p">FD8631</subfield>
    <subfield code="q">2026-06-16</subfield>
    <subfield code="r">2026-06-02 12:04:54</subfield>
    <subfield code="s">2026-06-02</subfield>
    <subfield code="w">2022-04-16</subfield>
    <subfield code="y">BK</subfield>
    <subfield code="k">14353</subfield>
  </datafield>
  <datafield tag="952" ind1=" " ind2=" ">
    <subfield code="0">0</subfield>
    <subfield code="1">0</subfield>
    <subfield code="2">ddc</subfield>
    <subfield code="4">0</subfield>
    <subfield code="7">0</subfield>
    <subfield code="a">FD</subfield>
    <subfield code="b">FD</subfield>
    <subfield code="d">2022-05-11</subfield>
    <subfield code="e">Ahuja Book Co. Pvt. Ltd.</subfield>
    <subfield code="g">625.00</subfield>
    <subfield code="i">SGTU</subfield>
    <subfield code="l">69</subfield>
    <subfield code="o">616.0707 M21J</subfield>
    <subfield code="p">FD8632</subfield>
    <subfield code="r">2026-05-30 16:19:28</subfield>
    <subfield code="s">2026-05-12</subfield>
    <subfield code="w">2022-04-16</subfield>
    <subfield code="y">BK</subfield>
    <subfield code="k">14353</subfield>
  </datafield>
  <datafield tag="952" ind1=" " ind2=" ">
    <subfield code="0">0</subfield>
    <subfield code="1">0</subfield>
    <subfield code="2">ddc</subfield>
    <subfield code="4">0</subfield>
    <subfield code="7">0</subfield>
    <subfield code="a">FD</subfield>
    <subfield code="b">FD</subfield>
    <subfield code="d">2022-05-11</subfield>
    <subfield code="e">Ahuja Book Co. Pvt. Ltd.</subfield>
    <subfield code="g">625.00</subfield>
    <subfield code="i">SGTU</subfield>
    <subfield code="l">65</subfield>
    <subfield code="o">616.0707 M21J</subfield>
    <subfield code="p">FD8633</subfield>
    <subfield code="q">2026-04-10</subfield>
    <subfield code="r">2026-03-27 00:00:00</subfield>
    <subfield code="s">2026-03-27</subfield>
    <subfield code="w">2022-04-16</subfield>
    <subfield code="y">BK</subfield>
    <subfield code="k">14353</subfield>
  </datafield>
  <datafield tag="952" ind1=" " ind2=" ">
    <subfield code="0">0</subfield>
    <subfield code="1">0</subfield>
    <subfield code="2">ddc</subfield>
    <subfield code="4">0</subfield>
    <subfield code="7">0</subfield>
    <subfield code="a">FD</subfield>
    <subfield code="b">FD</subfield>
    <subfield code="d">2022-05-11</subfield>
    <subfield code="e">Ahuja Book Co. Pvt. Ltd.</subfield>
    <subfield code="g">625.00</subfield>
    <subfield code="i">SGTU</subfield>
    <subfield code="l">75</subfield>
    <subfield code="m">2</subfield>
    <subfield code="o">616.0707 M21J</subfield>
    <subfield code="p">FD8634</subfield>
    <subfield code="q">2026-06-16</subfield>
    <subfield code="r">2026-06-02 11:02:18</subfield>
    <subfield code="s">2026-06-02</subfield>
    <subfield code="w">2022-04-16</subfield>
    <subfield code="y">BK</subfield>
    <subfield code="k">14353</subfield>
  </datafield>
  <datafield tag="952" ind1=" " ind2=" ">
    <subfield code="0">0</subfield>
    <subfield code="1">0</subfield>
    <subfield code="2">ddc</subfield>
    <subfield code="4">0</subfield>
    <subfield code="7">0</subfield>
    <subfield code="a">FD</subfield>
    <subfield code="b">FD</subfield>
    <subfield code="d">2022-05-11</subfield>
    <subfield code="e">Ahuja Book Co. Pvt. Ltd.</subfield>
    <subfield code="g">625.00</subfield>
    <subfield code="i">SGTU</subfield>
    <subfield code="l">83</subfield>
    <subfield code="m">2</subfield>
    <subfield code="o">616.0707 M21J</subfield>
    <subfield code="p">FD8635</subfield>
    <subfield code="r">2026-05-19 00:00:00</subfield>
    <subfield code="s">2026-05-19</subfield>
    <subfield code="w">2022-04-16</subfield>
    <subfield code="y">BK</subfield>
    <subfield code="k">14353</subfield>
  </datafield>
  <datafield tag="952" ind1=" " ind2=" ">
    <subfield code="0">0</subfield>
    <subfield code="1">0</subfield>
    <subfield code="2">ddc</subfield>
    <subfield code="4">0</subfield>
    <subfield code="7">0</subfield>
    <subfield code="a">FD</subfield>
    <subfield code="b">FD</subfield>
    <subfield code="d">2022-05-11</subfield>
    <subfield code="e">Ahuja Book Co. Pvt. Ltd.</subfield>
    <subfield code="g">625.00</subfield>
    <subfield code="i">SGTU</subfield>
    <subfield code="l">104</subfield>
    <subfield code="o">616.0707 M21J</subfield>
    <subfield code="p">FD8636</subfield>
    <subfield code="r">2026-06-02 09:11:51</subfield>
    <subfield code="s">2026-05-21</subfield>
    <subfield code="w">2022-04-16</subfield>
    <subfield code="y">BK</subfield>
    <subfield code="k">14353</subfield>
  </datafield>
  <datafield tag="952" ind1=" " ind2=" ">
    <subfield code="0">0</subfield>
    <subfield code="1">0</subfield>
    <subfield code="2">ddc</subfield>
    <subfield code="4">0</subfield>
    <subfield code="7">0</subfield>
    <subfield code="a">FD</subfield>
    <subfield code="b">FD</subfield>
    <subfield code="d">2022-05-11</subfield>
    <subfield code="e">Ahuja Book Co. Pvt. Ltd.</subfield>
    <subfield code="g">625.00</subfield>
    <subfield code="i">SGTU</subfield>
    <subfield code="l">77</subfield>
    <subfield code="m">1</subfield>
    <subfield code="o">616.0707 M21J</subfield>
    <subfield code="p">FD8637</subfield>
    <subfield code="q">2026-06-04</subfield>
    <subfield code="r">2026-05-21 00:00:00</subfield>
    <subfield code="s">2026-05-21</subfield>
    <subfield code="w">2022-04-16</subfield>
    <subfield code="y">BK</subfield>
    <subfield code="k">14353</subfield>
  </datafield>
  <datafield tag="952" ind1=" " ind2=" ">
    <subfield code="0">0</subfield>
    <subfield code="1">0</subfield>
    <subfield code="2">ddc</subfield>
    <subfield code="4">0</subfield>
    <subfield code="7">0</subfield>
    <subfield code="a">FD</subfield>
    <subfield code="b">FD</subfield>
    <subfield code="d">2022-05-11</subfield>
    <subfield code="e">Ahuja Book Co. Pvt. Ltd.</subfield>
    <subfield code="g">625.00</subfield>
    <subfield code="i">SGTU</subfield>
    <subfield code="l">71</subfield>
    <subfield code="o">616.0707 M21J</subfield>
    <subfield code="p">FD8638</subfield>
    <subfield code="r">2026-05-20 00:00:00</subfield>
    <subfield code="s">2026-05-20</subfield>
    <subfield code="w">2022-04-16</subfield>
    <subfield code="y">BK</subfield>
    <subfield code="k">14353</subfield>
  </datafield>
  <datafield tag="999" ind1=" " ind2=" ">
    <subfield code="c">22709</subfield>
    <subfield code="d">22709</subfield>
  </datafield>
</record>
